[Event "Nordisk Mesterskab Ungdom U13 2026"]
[Site "Fredericia"]
[Date "2026.02.13"]
[Round "1.1"]
[White "Larsen, Jonas Bogh"]
[Black "Zhang, Yiming"]
[Result "0-1"]
[WhiteElo "1826"]
[BlackElo "2070"]
[WhiteFideId "1477552"]
[BlackFideId "520543"]
[EventDate "2026.02.1"]
[EventType "swiss"]
[EventRounds "6"]
[EventCountry "DEN"]
[SourceTitle "Live v. Fredericia Chess Club"]

1. e4 c5 2. Nc3 d6 3. f4 g6 4. Nf3 Bg7 5. Bb5+ Bd7 6. Bc4 Nc6 7. d3 e6 8. O-O Nge7 9. f5 O-O 10. Qe1 gxf5 11. Bd2 fxe4 12. dxe4 Ng6 13. Qg3 Nce5 14. Nxe5 Bxe5 15. Bf4 Kh8 16. Bxe5+ Nxe5 17. Be2 Bc6 18. Rf2 Rg8 19. Qh3 Qg5 20. g3 a6 21. a4 b5 22. axb5 axb5 23. Rxa8 Rxa8 24. Bxb5 Bxb5 25. Nxb5 Ra1+ 26. Kg2 Qc1 27. Qh4 Qg1+ 28. Kh3 Qxf2 0-1

[Event "Nordisk Mesterskab Ungdom U13 2026"]
[Site "Fredericia"]
[Date "2026.02.13"]
[Round "1.2"]
[White "Mikkelsen, Anders Askjaer"]
[Black "Blikom, Theo"]
[Result "0-1"]
[WhiteElo "2049"]
[BlackElo "1761"]
[WhiteFideId "1477765"]
[BlackFideId "1578065"]
[EventDate "2026.02.1"]
[EventType "swiss"]
[EventRounds "6"]
[EventCountry "DEN"]
[SourceTitle "Live v. Fredericia Chess Club"]

1. e4 c6 2. d4 d5 3. Nc3 dxe4 4. Nxe4 Nd7 5. Nf3 Ngf6 6. Nxf6+ Nxf6 7. Bf4 Bg4 8. Be2 e6 9. O-O Be7 10. c3 O-O 11. Ne5 Bxe2 12. Qxe2 Qb6 13. Rad1 Rfd8 14. Rfe1 c5 15. dxc5 Bxc5 16. b4 Be7 17. Be3 Qc7 18. Bd4 Nd5 19. Qf3 Bf6 20. a3 Ne7 21. g4 Rd5 22. Qf4 Rad8 23. c4 Bxe5 24. Bxe5 Rxd1 25. Bxc7 Rxe1+ 26. Kg2 Ng6 27. Qg3 Rdd1 28. Kh3 e5 29. f3 Nf4+ 30. Kh4 f6 31. g5 Rg1 32. Bxe5 Ng6+ 0-1

[Event "Nordisk Mesterskab Ungdom U13 2026"]
[Site "Fredericia"]
[Date "2026.02.13"]
[Round "1.3"]
[White "Dahlin, Emil 2013"]
[Black "Maurstad, Astor Moe"]
[Result "0-1"]
[WhiteElo "1760"]
[BlackElo "1983"]
[WhiteFideId "1771035"]
[BlackFideId "1576640"]
[EventDate "2026.02.1"]
[EventType "swiss"]
[EventRounds "6"]
[EventCountry "DEN"]
[SourceTitle "Live v. Fredericia Chess Club"]

1. e4 c5 2. Nf3 e6 3. c3 d5 4. e5 d4 5. d3 Bd7 6. Bf4 dxc3 7. Nxc3 Bc6 8. Be2 Ne7 9. O-O Nf5 10. Re1 Be7 11. Nd2 O-O 12. Nde4 Bxe4 13. Nxe4 Nc6 14. Rc1 b6 15. Bf3 Ncd4 16. Nf6+ gxf6 17. Bxa8 Qxa8 18. Re4 Kh8 19. Qf1 Rg8 20. Kh1 Qd5 21. b3 Nc6 22. exf6 Bxf6 23. f3 Nb4 24. Rxb4 cxb4 25. Rc7 Be5 26. Bxe5+ Qxe5 27. Rxf7 Rc8 28. f4 Qb2 0-1

[Event "Nordisk Mesterskab Ungdom U13 2026"]
[Site "Fredericia"]
[Date "2026.02.13"]
[Round "1.4"]
[White "Torres, Lucas"]
[Black "Jorgensen, Baldur Bjarnason"]
[Result "1-0"]
[WhiteElo "1969"]
[BlackElo "1712"]
[WhiteFideId "1769464"]
[BlackFideId "7205317"]
[EventDate "2026.02.1"]
[EventType "swiss"]
[EventRounds "6"]
[EventCountry "DEN"]
[SourceTitle "Live v. Fredericia Chess Club"]

1. e4 c5 2. d4 cxd4 3. Qxd4 Nc6 4. Qd3 g6 5. Nc3 Bg7 6. Nf3 d6 7. Be2 Be6 8. O-O Nf6 9. Nd5 O-O 10. Nxf6+ Bxf6 11. c3 Qc7 12. Be3 Rfd8 13. Nd4 Bd7 14. f4 a6 15. a4 Bg7 16. Bf3 e5 17. Nxc6 Bxc6 18. Qc4 Qd7 19. fxe5 b5 20. Qa2 Bxe5 21. axb5 axb5 22. Qb3 Qb7 23. Rxa8 Rxa8 24. Bd4 Bxd4+ 25. cxd4 Qb6 26. Rd1 Ra4 27. Qd3 b4 28. Kh1 Ra8 29. Rc1 Bb5 30. Qd2 b3 31. Qb4 Rb8 32. h3 Bd3 33. Rc8+ Rxc8 34. Qxb6 Rc1+ 35. Kh2 Bc2 36. Qxd6 Rb1 37. d5 Rxb2 38. Qb8+ Kg7 39. Qe5+ 1-0

[Event "Nordisk Mesterskab Ungdom U13 2026"]
[Site "Fredericia"]
[Date "2026.02.13"]
[Round "1.5"]
[White "Lutzen, David"]
[Black "Hallmundarson, Birkir"]
[Result "0-1"]
[WhiteElo "1602"]
[BlackElo "1914"]
[WhiteFideId "7205929"]
[BlackFideId "2319446"]
[EventDate "2026.02.1"]
[EventType "swiss"]
[EventRounds "6"]
[EventCountry "DEN"]
[SourceTitle "Live v. Fredericia Chess Club"]

1. e4 c5 2. Nf3 Nc6 3. Bb5 g6 4. O-O Bg7 5. c3 e5 6. d3 Nge7 7. Re1 O-O 8. Bg5 h6 9. Bxc6 hxg5 10. Ba4 Nc6 11. h3 d6 12. c4 g4 13. Bxc6 bxc6 14. hxg4 Bxg4 15. Nbd2 f5 16. exf5 gxf5 17. Nf1 Rb8 18. Rb1 Rb7 19. N1h2 Bh5 20. Qc1 f4 21. Nd2 Bh6 22. f3 Kh8 23. Ne4 Rg8 24. Qc3 Rbg7 25. Re2 Bg5 26. Kh1 Be7 27. Nf2 Qe8 28. Ne4 Qg6 29. Rbe1 Bh4 30. Rg1 Bg3 31. Nxg3 fxg3 32. Nf1 Qh6 33. Qd2 Qh7 34. Nh2 Bg4 0-1

[Event "Nordisk Mesterskab Ungdom U13 2026"]
[Site "Fredericia"]
[Date "2026.02.13"]
[Round "1.6"]
[White "Leosson, Haukur Vidis"]
[Black "Nyberg, Max"]
[Result "1-0"]
[WhiteElo "1893"]
[BlackElo "1532"]
[WhiteFideId "2325780"]
[BlackFideId "520985"]
[EventDate "2026.02.1"]
[EventType "swiss"]
[EventRounds "6"]
[EventCountry "DEN"]
[SourceTitle "Live v. Fredericia Chess Club"]

1. d4 Nf6 2. c4 g6 3. Nc3 d5 4. Bf4 Bg7 5. Nf3 O-O 6. Rc1 c6 7. e3 Bg4 8. h3 Bxf3 9. Qxf3 Qa5 10. Bd3 Nbd7 11. O-O Nb6 12. Bc7 Ne8 13. Bxb6 Qxb6 14. cxd5 cxd5 15. Nxd5 Qxb2 16. Nxe7+ Kh8 17. Rc2 Qa3 18. Qxb7 Qxd3 19. Qxa8 Qxc2 20. Qxa7 Nd6 21. Nd5 Qc6 22. Qc5 Qd7 23. Nb6 Qd8 24. a4 Nb7 25. Qb4 Re8 26. Nc4 Qa8 27. Rb1 Nd8 28. a5 Nc6 29. Qa4 Qc8 30. Nd6 Qa8 31. Nxe8 Qxe8 32. Rc1 Qb8 33. Qxc6 Qb4 34. a6 Qa3 35. a7 Bxd4 36. a8=Q+ Qxa8 37. Qxa8+ Kg7 38. exd4 g5 39. Qd5 f6 40. Rc7+ Kg6 41. g4 Kh6 42. Qf7 f5 43. Rc6# 1-0

[Event "Nordisk Mesterskab Ungdom U13 2026"]
[Site "Fredericia"]
[Date "2026.02.13"]
[Round "2.1"]
[White "Zhang, Yiming"]
[Black "Hallmundarson, Birkir"]
[Result "1-0"]
[WhiteElo "2070"]
[BlackElo "1914"]
[WhiteFideId "520543"]
[BlackFideId "2319446"]
[EventDate "2026.02.1"]
[EventType "swiss"]
[EventRounds "6"]
[EventCountry "DEN"]
[SourceTitle "Live v. Fredericia Chess Club"]

1. e4 c5 2. Nf3 Nc6 3. d4 cxd4 4. Nxd4 g6 5. c4 Bg7 6. Be3 Nf6 7. Nc3 d6 8. Be2 O-O 9. O-O a5 10. b3 Nxd4 11. Bxd4 Bd7 12. Rc1 Bc6 13. f3 Nd7 14. Bxg7 Kxg7 15. Qd4+ Kg8 16. Rfd1 Qb6 17. Qxb6 Nxb6 18. a3 Rfc8 19. f4 Bd7 20. e5 dxe5 21. fxe5 Rc5 22. Bf3 Bc6 23. Nd5 Bxd5 24. cxd5 Rxc1 25. Rxc1 Rd8 26. Rc7 Nxd5 27. Rxb7 a4 28. bxa4 e6 29. a5 Ra8 30. Rb5 Nc7 31. Bxa8 Nxb5 32. a4 Na7 33. Kf2 Kf8 34. Ke3 Ke7 35. Kd4 Kd7 36. Kc5 Kc7 37. a6 Nc8 38. Bc6 Kd8 39. Bb7 h5 40. Kc6 g5 41. Bxc8 Kxc8 42. a7 g4 43. a8=Q# 1-0

[Event "Nordisk Mesterskab Ungdom U13 2026"]
[Site "Fredericia"]
[Date "2026.02.13"]
[Round "2.2"]
[White "Maurstad, Astor Moe"]
[Black "Leosson, Haukur Vidis"]
[Result "0-1"]
[WhiteElo "1983"]
[BlackElo "1893"]
[WhiteFideId "1576640"]
[BlackFideId "2325780"]
[EventDate "2026.02.1"]
[EventType "swiss"]
[EventRounds "6"]
[EventCountry "DEN"]
[SourceTitle "Live v. Fredericia Chess Club"]

1. d4 d5 2. c4 e6 3. Nc3 Nf6 4. cxd5 exd5 5. Bg5 c6 6. e3 Bd6 7. Bd3 O-O 8. Nge2 h6 9. Bh4 Re8 10. h3 a5 11. O-O Na6 12. Rc1 Bd7 13. Bb1 g6 14. Qd2 Be7 15. Bg3 Nh5 16. Bh2 Ng7 17. f3 Bg5 18. Bf4 Bxf4 19. Nxf4 Qg5 20. Kh1 Nf5 21. Bxf5 Bxf5 22. Rce1 Nc7 23. Nd3 Bxd3 24. Qxd3 Ne6 25. Ne2 Rad8 26. Qc3 Ng7 27. f4 Qh4 28. Rf3 Nf5 29. Ng1 Re4 30. Qxa5 Rde8 31. Qd2 Nxd4 32. Rf2 Qe7 33. Rc1 Nf5 34. Nf3 Nxe3 35. Ne5 Qf6 36. g3 h5 37. h4 Qf5 38. Rg1 Ng4 39. Nxg4 Qxg4 40. Qd1 Re2 41. Kg2 R8e3 42. Kf1 Rxg3 43. Rh1 Rxf2+ 44. Kxf2 Qxf4+ 45. Ke1 Qe4+ 46. Kf2 Qg2+ 47. Ke1 Re3+ 0-1

[Event "Nordisk Mesterskab Ungdom U13 2026"]
[Site "Fredericia"]
[Date "2026.02.13"]
[Round "2.3"]
[White "Blikom, Theo"]
[Black "Torres, Lucas"]
[Result "0-1"]
[WhiteElo "1761"]
[BlackElo "1969"]
[WhiteFideId "1578065"]
[BlackFideId "1769464"]
[EventDate "2026.02.1"]
[EventType "swiss"]
[EventRounds "6"]
[EventCountry "DEN"]
[SourceTitle "Live v. Fredericia Chess Club"]

1. d4 Nf6 2. c4 d6 3. Nc3 e5 4. Nf3 e4 5. Ng5 Qe7 6. Qc2 Bf5 7. f3 Nc6 8. fxe4 Bg6 9. e3 O-O-O 10. a3 h6 11. Nf3 Nxe4 12. Nd5 Qe8 13. Bd3 f5 14. O-O Be7 15. b4 Bg5 16. Bb2 Ne7 17. Nf4 Bxf4 18. exf4 d5 19. c5 Bh5 20. Ne5 Kb8 21. b5 Nc8 22. a4 g5 23. c6 Rd6 24. Rfc1 Rh7 25. a5 b6 26. Qa4 gxf4 27. axb6 cxb6 28. Qa6 Rc7 29. Ba3 f3 30. Bxd6 Nexd6 31. Nd7+ Rxd7 32. cxd7 Qe3+ 33. Kh1 fxg2+ 34. Kxg2 Bf3+ 35. Kh3 Bh1+ 0-1

[Event "Nordisk Mesterskab Ungdom U13 2026"]
[Site "Fredericia"]
[Date "2026.02.13"]
[Round "2.4"]
[White "Jorgensen, Baldur Bjarnason"]
[Black "Mikkelsen, Anders Askjaer"]
[Result "0-1"]
[WhiteElo "1712"]
[BlackElo "2049"]
[WhiteFideId "7205317"]
[BlackFideId "1477765"]
[EventDate "2026.02.1"]
[EventType "swiss"]
[EventRounds "6"]
[EventCountry "DEN"]
[SourceTitle "Live v. Fredericia Chess Club"]

1. d4 d5 2. c4 c6 3. Nc3 Nf6 4. Bf4 e6 5. e3 Nbd7 6. cxd5 exd5 7. Bd3 Be7 8. h3 b6 9. Nf3 Bb7 10. O-O O-O 11. Qc2 c5 12. Qe2 Re8 13. Nb5 c4 14. Bc2 Rf8 15. Bc7 Qc8 16. Bh2 Qc6 17. Nc3 b5 18. Rac1 b4 19. Nd1 Ba6 20. Ne5 Qb7 21. Nxd7 Nxd7 22. e4 c3 23. Bd3 Bxd3 24. Qxd3 dxe4 25. Qe3 cxb2 26. Nxb2 Rac8 27. f3 Nf6 28. fxe4 Nxe4 29. Qf3 Qd5 30. Rxc8 Rxc8 31. Nd3 Rc3 32. Re1 Qxd4+ 33. Kh1 Rxd3 34. Qxe4 Qxe4 35. Rxe4 Rd1+ 36. Bg1 Kf8 37. Rc4 f6 38. Rc8+ Kf7 39. Rc7 Ke6 40. Rc6+ Bd6 41. Rc2 a5 42. Re2+ Kd7 43. Rc2 a4 44. g4 b3 45. axb3 axb3 46. Rb2 Bc5 47. Rxb3 Rxg1+ 48. Kh2 Rd1 49. Rb7+ Ke6 50. Rxg7 h6 51. Rb7 Bd6+ 52. Kg2 Rd2+ 53. Kg1 Rd3 54. h4 Rg3+ 55. Kf2 Rxg4 56. h5 Rg5 57. Rb1 Rxh5 58. Re1+ Be5 59. Kg2 f5 60. Rb1 Rh2+ 61. Kg1 Rb2 62. Re1 f4 63. Kh1 f3 64. Rf1 Rh2+ 65. Kg1 Rg2+ 66. Kh1 Rg3 67. Kh2 Kf5 68. Kh1 Rh3+ 69. Kg1 Bd4+ 0-1

[Event "Nordisk Mesterskab Ungdom U13 2026"]
[Site "Fredericia"]
[Date "2026.02.13"]
[Round "2.5"]
[White "Lutzen, David"]
[Black "Larsen, Jonas Bogh"]
[Result "1-0"]
[WhiteElo "1602"]
[BlackElo "1826"]
[WhiteFideId "7205929"]
[BlackFideId "1477552"]
[EventDate "2026.02.1"]
[EventType "swiss"]
[EventRounds "6"]
[EventCountry "DEN"]
[SourceTitle "Live v. Fredericia Chess Club"]

1. e4 c5 2. Nf3 g6 3. d4 cxd4 4. Nxd4 Bg7 5. c4 Nc6 6. Be3 d6 7. Nc3 Nf6 8. f3 O-O 9. Be2 h6 10. O-O Nxd4 11. Bxd4 Be6 12. Rc1 a6 13. b3 Qd7 14. Qc2 Rac8 15. Rfd1 Rfd8 16. Bb6 Rf8 17. Be3 Qc6 18. Qd2 Kh7 19. f4 Bg4 20. Bf2 Bxe2 21. Qxe2 Rfd8 22. Nd5 Nxd5 23. exd5 Qd7 24. Re1 Re8 25. Rcd1 Qf5 26. Rd3 Bf6 27. g3 h5 28. Bd4 Bxd4+ 29. Rxd4 Rc7 30. Re4 Qd7 31. a4 a5 32. Rf1 f5 33. Re6 b6 34. Re1 Rb7 35. Qg2 Qc7 36. Qh3 Kg7 37. Qh4 Qc5+ 38. Kh1 Qc7 39. Qg5 1-0

[Event "Nordisk Mesterskab Ungdom U13 2026"]
[Site "Fredericia"]
[Date "2026.02.13"]
[Round "2.6"]
[White "Nyberg, Max"]
[Black "Dahlin, Emil 2013"]
[Result "0-1"]
[WhiteElo "1532"]
[BlackElo "1760"]
[WhiteFideId "520985"]
[BlackFideId "1771035"]
[EventDate "2026.02.1"]
[EventType "swiss"]
[EventRounds "6"]
[EventCountry "DEN"]
[SourceTitle "Live v. Fredericia Chess Club"]

1. e4 c6 2. d4 d5 3. Nd2 dxe4 4. Nxe4 Nf6 5. Nxf6+ exf6 6. c3 Bd6 7. Nf3 O-O 8. Be2 Re8 9. O-O Nd7 10. Bd3 Nf8 11. Nh4 Qc7 12. h3 Ng6 13. Nf5 Bxf5 14. Bxf5 Re7 15. Be3 Rae8 16. Qd2 Bh2+ 17. Kh1 Bf4 18. Rfe1 Bxe3 19. fxe3 Qg3 20. e4 Nh4 21. Re3 Qg5 22. Bg4 Rxe4 23. Rxe4 Rxe4 24. Qf2 Ng6 25. Re1 Qf4 26. Kg1 Kf8 27. Bf3 Rxe1+ 28. Qxe1 Ne7 29. Kh1 g5 30. b3 f5 31. Qd1 Ng8 32. g4 Nf6 33. c4 Ne4 34. Bxe4 fxe4 35. d5 Ke7 36. Kg2 e3 37. Qf3 Kd6 38. dxc6 bxc6 39. Qd1+ Kc5 40. b4+ Kxb4 41. Qb3+ Kc5 42. Qa3+ Kxc4 43. Qa4+ Kd5 44. Qb3+ Qc4 45. Qd1+ Qd4 46. Qb3+ Ke4 47. Qc2+ Qd3 48. Qxc6+ Qd5 49. Qc2+ Kd4+ 50. Kg1 Qe4 51. Qa4+ Ke5 52. Qe8+ Kf4 53. Qxf7+ Kg3 54. Qf1 Qf3 55. a4 Qf2+ 56. Qxf2+ exf2+ 57. Kf1 a5 58. Ke2 Kg2 59. Kd3 f1=Q+ 60. Kd4 Qc1 61. Ke5 Kxh3 62. Kf5 Qe3 63. Kf6 Kxg4 64. Kg7 Qe6 65. Kh8 Qf6+ 66. Kxh7 Kh5 67. Kg8 Qe7 68. Kh8 Kg6 69. Kg8 Qg7# 0-1

[Event "Nordisk Mesterskab Ungdom U13 2026"]
[Site "Fredericia"]
[Date "2026.02.14"]
[Round "3.1"]
[White "Torres, Lucas"]
[Black "Zhang, Yiming"]
[Result "0-1"]
[WhiteElo "1969"]
[BlackElo "2070"]
[WhiteFideId "1769464"]
[BlackFideId "520543"]
[EventDate "2026.02.1"]
[EventType "swiss"]
[EventRounds "6"]
[EventCountry "DEN"]
[SourceTitle "Live v. Fredericia Chess Club"]

1. e4 c5 2. Nc3 d6 3. d4 cxd4 4. Qxd4 Nc6 5. Qd2 g6 6. b3 Bh6 7. f4 Nf6 8. Bb2 e5 9. Nge2 O-O 10. O-O-O Bg4 11. g3 Bf3 12. Rg1 Nxe4 13. Nxe4 Bxe4 14. Nc3 Bf3 15. Be2 Nd4 16. Rgf1 Bg2 17. Rf2 Bc6 18. Bd3 Re8 19. Be4 d5 20. Bg2 a5 21. a4 Rc8 22. Qd3 Qb6 23. Rff1 Nxb3+ 24. cxb3 d4 25. Bh3 Rc7 26. Kc2 dxc3 27. Bc1 Qb4 28. Rde1 Bxa4 29. bxa4 Qxa4+ 30. Kb1 Rc4 31. Ba3 Qb3+ 32. Kc1 Qxa3+ 33. Kd1 c2+ 34. Kd2 Qb2 0-1

[Event "Nordisk Mesterskab Ungdom U13 2026"]
[Site "Fredericia"]
[Date "2026.02.14"]
[Round "3.2"]
[White "Leosson, Haukur Vidis"]
[Black "Blikom, Theo"]
[Result "1/2-1/2"]
[WhiteElo "1893"]
[BlackElo "1761"]
[WhiteFideId "2325780"]
[BlackFideId "1578065"]
[EventDate "2026.02.1"]
[EventType "swiss"]
[EventRounds "6"]
[EventCountry "DEN"]
[SourceTitle "Live v. Fredericia Chess Club"]

1. e4 c5 2. Nc3 e6 3. g3 Nc6 4. Bg2 g6 5. Nge2 Bg7 6. O-O Nge7 7. d3 O-O 8. f4 d6 9. Kh1 Rb8 10. a4 a6 11. Be3 Nd4 12. Bxd4 cxd4 13. Nb1 Qc7 14. Nd2 b5 15. axb5 axb5 16. Nb3 e5 17. Qd2 Be6 18. Ra6 Rfc8 19. Rc1 Ra8 20. Rxa8 Rxa8 21. f5 gxf5 22. exf5 Bd5 23. Rf1 Qb7 24. Nexd4 Bxg2+ 25. Qxg2 Qxg2+ 26. Kxg2 exd4 27. f6 Nd5 28. fxg7 Ne3+ 29. Kf2 Nxf1 30. Kxf1 Ra4 31. Kf2 Kxg7 32. Kf3 d5 33. Kf4 Kf6 34. g4 h6 35. h3 Rb4 36. h4 Ke6 37. Nc5+ Kd6 38. b3 Kxc5 39. g5 hxg5+ 40. Kxg5 Ra4 41. bxa4 bxa4 42. h5 a3 43. h6 a2 44. h7 a1=Q 45. h8=Q Kb4 46. Qc8 Qc1+ 47. Kf5 Ka3 48. Qc5+ Kb2 49. Qxd4+ Kxc2 50. Qc5+ Kd2 51. Qxc1+ Kxc1 52. Ke5 Kd2 53. Kxd5 Kxd3 54. Ke5 f6+ 55. Kxf6 1/2-1/2

[Event "Nordisk Mesterskab Ungdom U13 2026"]
[Site "Fredericia"]
[Date "2026.02.14"]
[Round "3.3"]
[White "Mikkelsen, Anders Askjaer"]
[Black "Lutzen, David"]
[Result "1-0"]
[WhiteElo "2049"]
[BlackElo "1602"]
[WhiteFideId "1477765"]
[BlackFideId "7205929"]
[EventDate "2026.02.1"]
[EventType "swiss"]
[EventRounds "6"]
[EventCountry "DEN"]
[SourceTitle "Live v. Fredericia Chess Club"]

1. e4 e5 2. Nf3 Nc6 3. Bc4 Bc5 4. c3 Nf6 5. d4 exd4 6. e5 d5 7. Bb5 Ne4 8. cxd4 Bb6 9. Nc3 Bg4 10. Be3 O-O 11. Qc2 Bf5 12. Qa4 Qd7 13. O-O Nxc3 14. bxc3 a6 15. Bxc6 Qxc6 16. Qxc6 bxc6 17. Nd2 Ba5 18. Nb3 Bb6 19. Rfd1 f6 20. f4 Rae8 21. Re1 Be4 22. Nd2 f5 23. Nxe4 fxe4 24. g4 g6 25. Rf1 Re7 26. f5 gxf5 27. gxf5 Rg7+ 28. Kh1 Rg4 29. e6 Kg7 30. Rg1 Rxg1+ 31. Rxg1+ Kf6 32. Bg5+ Kxf5 33. Rf1+ Kxg5 34. Rxf8 e3 35. e7 1-0

[Event "Nordisk Mesterskab Ungdom U13 2026"]
[Site "Fredericia"]
[Date "2026.02.14"]
[Round "3.4"]
[White "Hallmundarson, Birkir"]
[Black "Maurstad, Astor Moe"]
[Result "0-1"]
[WhiteElo "1914"]
[BlackElo "1983"]
[WhiteFideId "2319446"]
[BlackFideId "1576640"]
[EventDate "2026.02.1"]
[EventType "swiss"]
[EventRounds "6"]
[EventCountry "DEN"]
[SourceTitle "Live v. Fredericia Chess Club"]

1. e4 c5 2. Nf3 e6 3. d4 cxd4 4. Nxd4 a6 5. a3 b5 6. a4 bxa4 7. Rxa4 Bb7 8. g3 Nc6 9. Bg2 Nxd4 10. Qxd4 Ne7 11. c4 Nc6 12. Qd3 Ne5 13. Qe2 Bc5 14. b4 Bc6 15. bxc5 Bxa4 16. Bb2 Qa5+ 17. Nd2 Rb8 18. Bc1 Qxc5 19. O-O O-O 20. Kh1 Rfc8 21. f4 Nxc4 22. Nf3 Nd6 23. Be3 Qc2 24. Qxa6 Qc6 25. Qa7 Ra8 26. Qd4 Qxe4 27. Qxd6 Qxe3 28. Nd2 Bc6 29. Nf3 h6 30. Re1 Bxf3 31. Rxe3 Ra1+ 0-1

[Event "Nordisk Mesterskab Ungdom U13 2026"]
[Site "Fredericia"]
[Date "2026.02.14"]
[Round "3.5"]
[White "Dahlin, Emil 2013"]
[Black "Jorgensen, Baldur Bjarnason"]
[Result "1-0"]
[WhiteElo "1760"]
[BlackElo "1712"]
[WhiteFideId "1771035"]
[BlackFideId "7205317"]
[EventDate "2026.02.1"]
[EventType "swiss"]
[EventRounds "6"]
[EventCountry "DEN"]
[SourceTitle "Live v. Fredericia Chess Club"]

1. e4 c5 2. Nf3 d6 3. d4 cxd4 4. Nxd4 Nf6 5. Nc3 a6 6. f3 e5 7. Nb3 Be6 8. Be3 Be7 9. Be2 Nbd7 10. O-O O-O 11. f4 Nb6 12. f5 Bc4 13. Rf3 Qc7 14. Rg3 Kh8 15. Rh3 Kg8 16. g4 Bxe2 17. Qxe2 Nfd7 18. g5 g6 19. Qf2 Nc4 20. f6 Bd8 21. Nd5 Qc6 22. Rh6 Nxe3 23. Qxe3 Qxd5 24. exd5 Bb6 25. Re1 Rac8 26. Qxb6 Nxb6 27. Re3 Nxd5 28. Reh3 Nf4 29. R3h4 Nh5 30. c3 Rfe8 31. Kf2 e4 32. Ke3 d5 33. Nd4 Re5 34. Rg4 b5 35. a3 Rc7 36. Ne2 Rf5 37. Nf4 Rxf4 38. Rxf4 Nxf4 39. Kxf4 Rc4 40. Ke3 Rc8 41. Rh3 h5 42. Kd4 Rd8 43. Re3 Kf8 44. Kc5 Ke8 45. Re1 Rd7 46. Kb6 Rd6+ 47. Kc7 Rd7+ 48. Kc6 Kd8 49. Rd1 Kc8 50. h3 Rd8 51. Re1 Kb8 52. Re2 Ka7 53. Kc7 Re8 54. Kd6 Kb6 55. Kxd5 a5 56. Kd4 Kc6 57. Rxe4 Rd8+ 58. Ke3 Rf8 59. Re7 Kc5 60. b3 b4 61. axb4+ axb4 62. c4 Kc6 63. Ke4 Kb6 64. Rd7 Kc6 65. Ra7 Re8+ 66. Re7 Rf8 67. Re5 Rd8 68. Rb5 Re8+ 69. Kd4 Rd8+ 70. Rd5 Re8 71. Rc5+ Kb6 72. Rb5+ Kc6 73. Rxb4 Rd8+ 74. Kc3 Re8 75. Ra4 Re3+ 76. Kd4 Rxb3 77. Ra7 Rxh3 78. Rxf7 Rg3 79. Rf8 Kd7 80. Rf7+ Ke8 81. Re7+ Kd8 82. Re5 Rf3 83. Kd5 h4 84. Ke6 h3 85. f7 h2 86. Rd5+ Kc7 87. Rd1 Kc6 88. Ke7 Re3+ 89. Kf8 Rg3 90. Rh1 Rxg5 91. Kg7 Rh5 92. f8=Q Rf5 93. Qxf5 gxf5 94. Rxh2 Kc5 95. Rf2 1-0

[Event "Nordisk Mesterskab Ungdom U13 2026"]
[Site "Fredericia"]
[Date "2026.02.14"]
[Round "3.6"]
[White "Larsen, Jonas Bogh"]
[Black "Nyberg, Max"]
[Result "1-0"]
[WhiteElo "1826"]
[BlackElo "1532"]
[WhiteFideId "1477552"]
[BlackFideId "520985"]
[EventDate "2026.02.1"]
[EventType "swiss"]
[EventRounds "6"]
[EventCountry "DEN"]
[SourceTitle "Live v. Fredericia Chess Club"]

1. e4 e5 2. d4 exd4 3. Nf3 Nc6 4. Bc4 h6 5. O-O d6 6. c3 dxc3 7. Nxc3 Bg4 8. Be3 Nf6 9. Be2 a6 10. Nd4 Nxd4 11. Bxd4 Qd7 12. Bxg4 Nxg4 13. f3 Nf6 14. Bxf6 gxf6 15. Rc1 c6 16. Qd3 Rg8 17. f4 h5 18. Rce1 O-O-O 19. b4 h4 20. a4 Be7 21. b5 axb5 22. axb5 Rg7 23. Ra1 Kb8 24. bxc6 Qxc6 25. Rfc1 Qd7 26. Nd5 Rxg2+ 27. Kxg2 Rg8+ 28. Kf2 Qg4 29. Qf3 Qg7 30. Nxe7 Re8 31. Nd5 f5 32. Qc3 Qxc3 33. Rxc3 b5 34. Rb1 Re7 35. Nxe7 Ka7 36. Rxb5 Ka6 37. Rb2 Ka5 38. Ra3# 1-0

[Event "Nordisk Mesterskab Ungdom U13 2026"]
[Site "Fredericia"]
[Date "2026.02.14"]
[Round "4.1"]
[White "Zhang, Yiming"]
[Black "Leosson, Haukur Vidis"]
[Result "1-0"]
[WhiteElo "2070"]
[BlackElo "1893"]
[WhiteFideId "520543"]
[BlackFideId "2325780"]
[EventDate "2026.02.1"]
[EventType "swiss"]
[EventRounds "6"]
[EventCountry "DEN"]
[SourceTitle "Live v. Fredericia Chess Club"]

1. e4 e6 2. d4 d5 3. Nd2 c5 4. Ngf3 cxd4 5. Nxd4 Ne7 6. Be2 Nbc6 7. Nxc6 Nxc6 8. exd5 Qxd5 9. O-O Be7 10. Bf3 Qd8 11. c3 O-O 12. Qe2 Qc7 13. Nc4 Rd8 14. Re1 Bf6 15. Ne3 Ne5 16. Be4 Bd7 17. f4 Ng6 18. g3 Bc6 19. Ng4 Bxe4 20. Nxf6+ gxf6 21. Qxe4 f5 22. Qf3 Rd5 23. Be3 Rad8 24. Rad1 Qa5 25. a3 h6 26. Rxd5 Rxd5 27. Rd1 a6 28. Rxd5 Qxd5 29. Qxd5 exd5 30. Bc5 Nf8 31. Bxf8 Kxf8 32. Kf2 Ke7 33. Ke3 Kd6 34. Kd4 b5 35. b3 a5 36. a4 bxa4 37. bxa4 h5 38. h3 Kc6 39. c4 dxc4 40. Kxc4 f6 41. h4 Kd6 42. Kb5 Kd5 43. Kxa5 Kc5 44. Ka6 Kc6 45. a5 Kc7 46. Kb5 Kb7 47. Kc5 Ka6 48. Kd5 Kxa5 49. Ke6 1-0

[Event "Nordisk Mesterskab Ungdom U13 2026"]
[Site "Fredericia"]
[Date "2026.02.14"]
[Round "4.2"]
[White "Dahlin, Emil 2013"]
[Black "Mikkelsen, Anders Askjaer"]
[Result "0-1"]
[WhiteElo "1760"]
[BlackElo "2049"]
[WhiteFideId "1771035"]
[BlackFideId "1477765"]
[EventDate "2026.02.1"]
[EventType "swiss"]
[EventRounds "6"]
[EventCountry "DEN"]
[SourceTitle "Live v. Fredericia Chess Club"]

1. e4 e6 2. d4 d5 3. exd5 exd5 4. Nf3 Bd6 5. Bd3 Nc6 6. c3 Nge7 7. Bg5 f6 8. Bh4 Bg4 9. O-O Qd7 10. Re1 O-O-O 11. b4 g5 12. Bg3 Bxg3 13. hxg3 h5 14. Qa4 h4 15. b5 Nb8 16. Nbd2 h3 17. Bf1 hxg2 18. Bxg2 Bh3 19. Rxe7 Qxe7 20. Nf1 Bxg2 21. Kxg2 Qe4 22. Re1 Qf5 23. N1h2 Rh7 24. b6 axb6 25. Re3 Nc6 26. Kf1 Rxh2 27. Nxh2 Qh3+ 28. Ke2 Qxh2 0-1